[Event "10th Mumbai Mayors Cup 2017"]
[Site "Mumbai"]
[Date "2017.06.05"]
[Round "3"]
[White "Tukhaev, Adam"]
[Black "Chitlange Sakshi"]
[Result "1-0"]
[WhiteElo "2567"]
[BlackElo "2096"]
[Annotator "TA"]
[PlyCount "95"]
[EventDate "2017.06.04"]
[EventType "swiss"]
[EventCountry "IND"]
[SourceTitle "playchess.com"]
[Source "ChessBase"]
[SourceQuality "1"]

{[%evp 15,95,9,7,18,37,31,39,36,43,35,50,44,81,42,47,9,103,99,106,91,118,37,118,110,125,111,118,124,129,113,121,129,118,110,233,188,193,191,198,189,173,215,295,158,183,176,179,185,181,185,262,181,141,0,0,0,0,0,0,0,0,0,0,0,0,0,0,0,0,-11,117,108,109,108,142,121,103,142,209,124,375,375]} 1. e4 e6 2. d4 d5 3. e5 c5 4. c3 Qb6 5. Nf3 Nc6 6. Na3 cxd4 7. cxd4 Nge7 8. Nc2 Nf5 9. Bd3 {C02: French: Advance Variation} Bb4+ (9... Ncxd4 $2 10. Nfxd4 Nxd4 11. Nxd4 $18) (9... Nfxd4 $2 10. Ncxd4 Nxd4 11. Nxd4 $18) (9... Be7 10. O-O Bd7 11. g4 Nh6 12. h3 O-O-O 13. Rb1 Kb8 14. b4 Ng8 15. Bd2 h5 16. b5 Na5 {1-0 (25) Volokitin,A (2638)-Caruana,F (2791) Dubai 2014}) 10. Kf1 Be7 (10... Ncxd4 $2 11. Ncxd4 Nxd4 12. Be3 $18) 11. h4 {White is slightly better.} h5 (11... Nfxd4 $2 12. Ncxd4 Bd7 13. Nb3 $18) 12. g3 Bd7 (12... Nfxd4 $2 13. Ncxd4 Nxd4 14. Be3 $18) 13. Kg2 a5 (13... Nfxd4 $2 14. Be3 $18) (13... Ncxd4 $2 14. Nfxd4 Nxd4 15. Be3 $18) 14. Bxf5 exf5 15. Bg5 Kf8 $146 (15... f4 $1 $11 {remains equal.}) ({Predecessor:} 15... Bxg5 16. Nxg5 Be6 {0-1 (28) Rei,A (2375)-Sakadin,A (2415) ICCF corr 2002}) 16. Qd2 Bxg5 17. Nxg5 Ne7 18. Ne3 (18. Nh3 $16) 18... g6 ({Black should try} 18... f4 $1 $14 19. gxf4 Rh6) 19. Rhc1 Kg7 20. Rc5 Rhc8 21. Rac1 $1 {[%cal Ba1c1,Bc1c3,Bc3e3][%mdl 32]} (21. Nxd5 $2 Bc6 $19) 21... Rc6 22. R1c3 (22. Nxd5 $2 Nxd5 23. Rxd5 Rxc1 $19) 22... a4 23. Kh2 (23. Nxd5 $6 Nxd5 24. Rxd5 Rxc3 $11) 23... Ra5 24. Ng2 Qc7 (24... Rb5 $16 {was called for.}) 25. Nf4 Raxc5 26. dxc5 Qxe5 27. Re3 Qf6 28. Qe2 ({Stronger than} 28. Nxd5 Nxd5 29. Qxd5 Rc7 $11) 28... Nc8 29. Nxd5 (29. b4 $1 $18) 29... Qd4 $16 30. Rd3 Qxc5 {...Rd6 would now be nice for Black.} 31. b4 axb3 32. axb3 {aiming for Qb2+.} Qb5 (32... Rd6 $142 33. Qb2+ Kg8 34. Nf6+ Rxf6 35. Rxd7 Nd6) 33. Qb2+ f6 34. Nf4 (34. Rd2 $1 $16) 34... Rd6 $11 35. Rc3 Qf1 {( -> ...Rd1)} (35... Qe5 $5 {[%cal Rf6g5]} 36. Nf3 Qe4 $11) 36. Rc1 $1 {[%cal Rc1f1]} ({Not} 36. Rc7 $2 Rd1 $19) 36... Rd1 {[%csl Gd1][%cal Rf1h1]} 37. Nfe6+ Bxe6 $1 38. Nxe6+ Kf7 {[%csl Gd1][%cal Rf1h1] [#]} 39. Nd8+ $1 {[%mdl 512]} Kg7 {[%csl Gd1][%cal Rf1h1]} (39... Rxd8 40. Rxf1) 40. Ne6+ Kf7 {[%csl Gd1][%cal Rf1h1]} 41. Rxd1 Qxd1 42. Nf4 Nd6 (42... Nb6 $11 {keeps the balance.}) 43. Qc3 $16 Ne8 {[#]} 44. Qc4+ $1 Kg7 45. Qb5 Qe1 46. Qxb7+ Kg8 {[#]} (46... Kh6 $16) 47. Qb6 ({Resist} 47. Nxg6 $6 Qxf2+ 48. Qg2 Qe1 $16) (47. Kg2 $1 $18) 47... Qe7 $2 {[%mdl 8192]} (47... g5 $16) 48. Nxg6 {Precision: White = 69%, Black = 39%.} 1-0

[Event "10th Mumbai Mayors Cup 2017"]
[Site "Mumbai"]
[Date "2017.06.05"]
[Round "3"]
[White "Karthikeyan, P.."]
[Black "Ajay Karthikeyan"]
[Result "1-0"]
[WhiteElo "2502"]
[BlackElo "2023"]
[Annotator "TA"]
[PlyCount "99"]
[EventDate "2017.06.04"]
[EventType "swiss"]
[EventCountry "IND"]
[SourceTitle "playchess.com"]
[Source "ChessBase"]
[SourceQuality "1"]

{[%evp 17,99,24,25,13,30,31,37,33,27,33,35,30,40,21,29,28,27,25,55,27,62,14,26,5,24,0,2,-19,33,0,43,35,6,24,107,93,113,97,95,95,87,89,88,90,129,112,126,135,151,49,96,109,89,85,89,85,140,129,174,169,176,181,216,172,227,218,303,285,282,278,447,449,440,435,391,343,322,312,331,302,29987,29988,29995,365]} 1. Nf3 Nf6 2. c4 g6 3. g3 Bg7 4. Bg2 d6 5. Nc3 O-O 6. O-O Nc6 7. d3 e5 8. Rb1 Be6 9. b4 h6 10. Nd2 {A26: English Opening vs King's Indian with ...Nc6 and d3} (10. b5 $5 {[%cal Rb5c6]} Ne7 11. Bd2 $14) (10. b5 Ne7 11. a4 Qd7 12. Ba3 Rfe8 13. Nd2 Rab8 14. a5 b6 15. Nde4 Nh7 16. axb6 axb6 17. Bb2 f5 18. Nd2 Nf6 19. Ra1 d5 20. cxd5 Nexd5 21. Nxd5 Bxd5 22. Bxd5+ Qxd5 {1-0 (74) Nepomniachtchi,I (2705)-Nakamura,H (2816) Baku 2015}) 10... Qc8 11. Nd5 Re8 $146 ({Predecessor:} 11... Bh3 12. b5 Bxg2 13. bxc6 Bxd5 14. cxd5 bxc6 15. dxc6 Qa6 16. Rb7 Qxc6 17. Qb3 Nd7 {½-½ (54) Forster,R (2462)-Smirin,I (2666) Pula 2000}) 12. Re1 {White is slightly better.} Ne7 {[%cal Re7d5]} 13. Nxf6+ Bxf6 14. a4 Bg7 15. e3 Rb8 16. b5 Qd7 17. Bb2 d5 18. Qc2 g5 19. Nb3 b6 20. Rbd1 Red8 21. Ba3 c5 22. a5 Rbc8 (22... Bg4 $11) 23. Bb2 f5 24. axb6 (24. f4 {seems wilder.} dxc4 25. dxc4 Qc7 26. axb6 axb6 27. Nd2) 24... axb6 25. Nd2 Ng6 (25... Ra8 $11) 26. cxd5 $16 Bxd5 27. Bxd5+ Qxd5 28. Qc4 Qxc4 29. Nxc4 Rc7 30. Kf1 Kf7 31. Ke2 ({Resist} 31. Nxb6 $6 Rb7 $14) 31... Rcd7 32. e4 f4 33. f3 ({Don't take} 33. Nxb6 $6 Rb7 $14) (33. Bc3 $16) 33... fxg3 34. hxg3 h5 35. Bc1 Bf6 36. Be3 Rb7 (36... h4 $142) 37. Ra1 Be7 38. Ra6 h4 39. Rg1 ({Not} 39. Rxb6 Rxb6 40. Nxb6 Rb8 $11) 39... Rdb8 40. Bf2 hxg3 (40... Rd8 {was called for.} 41. Nxb6 c4) 41. Bxg3 $18 Ke6 42. Rh1 Bf6 43. Rh6 Nf4+ $2 {[#]} (43... Kf7 {is a better defense.} 44. Nd6+ Kg7) 44. Bxf4 gxf4 45. Kd2 Kf7 46. Kc3 Kg7 47. Rh2 Kg6 48. Rg2+ Kh5 $2 {[#]} (48... Kh7 $18 49. Kc2 Bg7) 49. Ra1 Rd7 50. Rh1+ {Precision: White = 56%, Black = 29%.} 1-0

[Event "10th Mumbai Mayors Cup 2017"]
[Site "Mumbai"]
[Date "2017.06.05"]
[Round "3"]
[White "Mollah Abdullah, Al Rakib"]
[Black "Mrudul Dehankar"]
[Result "1/2-1/2"]
[WhiteElo "2484"]
[BlackElo "1942"]
[Annotator "TA"]
[PlyCount "79"]
[EventDate "2017.06.04"]
[EventType "swiss"]
[EventCountry "IND"]
[SourceTitle "playchess.com"]
[Source "ChessBase"]
[SourceQuality "1"]

{[%evp 18,79,23,13,33,7,22,20,58,27,68,66,111,44,130,62,82,24,82,57,61,61,122,62,61,22,51,42,74,5,35,23,41,0,27,22,62,0,0,-22,0,-33,0,-25,7,-4,39,9,20,0,58,0,71,50,75,21,40,40,64,77,68,-9,0,-19]} 1. d4 Nf6 2. Nf3 e6 3. Bg5 Be7 4. Nbd2 c5 5. e3 {[%cal Be2e3,Be3e4][%mdl 32]} b6 6. Bd3 Bb7 7. O-O O-O 8. c3 d6 9. Re1 Nbd7 {A47: 1 d4 Nf6 2 Nf3 b6: Torre, London and Colle Systems} 10. e4 {LiveBook: 5 Games} h6 11. Bf4 Nh5 $146 ({Predecessor:} 11... Qc7 12. h3 Rfe8 13. Bh2 Rad8 14. a4 a6 15. Qe2 Qc8 16. Rad1 {½-½ (16) Lomako,P (2417)-Terentjev,V (2515) Perm 2009}) 12. Be3 e5 13. Nf1 Nhf6 14. Ng3 Re8 15. dxe5 (15. d5 $16) 15... dxe5 {[#]} (15... Nxe5 $14 16. Nxe5 dxe5) 16. Nh4 (16. Qb3 $1 $16) 16... Qc7 17. Nhf5 (17. Bc4 $16) 17... Bf8 (17... c4 $11 18. Nxe7+ Rxe7) 18. Bc4 $16 a6 19. a4 Bc6 (19... Red8 $14) 20. Qb3 (20. Qc1 $16) 20... Nb8 $14 21. f3 Ra7 22. Red1 Rb7 23. Rd2 ({White should try} 23. Qc2 $16) 23... b5 $1 $11 {[%cal Rb5c4]} 24. axb5 axb5 25. Bf1 (25. Bd5 $5) 25... Bd7 26. Qd1 Rb6 27. Ra8 (27. b3 $14) 27... Be6 28. Bf2 Qc6 29. Ra5 Nbd7 30. b3 (30. c4 $5) 30... Reb8 31. Ne3 R6b7 32. Ngf5 Qc7 33. Ra1 Rb6 (33... c4 $11) 34. Ng3 (34. c4 $14) 34... R6b7 (34... c4 $11) 35. Nd5 Qc6 {[#]} 36. Ra5 (36. c4 $1 $16) 36... Ne8 37. Qa1 Nc7 {[%cal Rc7d5]} 38. c4 bxc4 39. Bxc4 (39. bxc4 $14 Rb1 40. Qa2) 39... Nb6 40. Nxb6 {Precision: White = 25%, Black = 27%.} 1/2-1/2

[Event "10th Mumbai Mayors Cup 2017"]
[Site "Mumbai"]
[Date "2017.06.05"]
[Round "3"]
[White "Deepan Chakkravarthy J"]
[Black "Jishitha D"]
[Result "1-0"]
[WhiteElo "2480"]
[BlackElo "1933"]
[Annotator "TA"]
[PlyCount "153"]
[EventDate "2017.06.04"]
[EventType "swiss"]
[EventCountry "IND"]
[SourceTitle "playchess.com"]
[Source "ChessBase"]
[SourceQuality "1"]

{[%evp 18,153,33,34,29,22,29,22,35,36,44,56,22,31,42,47,41,41,35,43,32,2,2,2,0,0,0,0,23,22,56,24,49,49,60,60,59,52,83,53,57,54,54,47,70,53,60,60,48,27,41,23,49,45,154,168,165,156,147,98,98,98,98,98,105,105,157,145,139,96,89,89,268,80,253,246,234,225,238,210,200,175,499,493,482,465,437,373,589,588,648,642,604,0,699,691,1143,1094,957,910,825,783,5804,5803,4618,4618,4618,4618,4134,2575,5234,5197,29974,29976,29978,29979,29979,29980,29980,29981,29985,29986,29986,29987,29987,29988,29989,29990,29990,29990,29993,29994,29994,29991,29991,29991,29991,29992]} 1. g3 c5 2. Bg2 d5 3. Nf3 Nc6 4. d4 e6 5. O-O cxd4 6. Nxd4 Bc5 7. Nb3 Be7 8. c4 Nf6 9. cxd5 Nxd5 10. Bd2 {LiveBook: 8 Games} Bf6 {E01: Catalan: Early deviations} 11. Qc2 O-O 12. Rd1 $146 ({Predecessor:} 12. a3 Bd7 13. Nc3 Rc8 14. Rac1 Nce7 {0-1 (26) Heinig,W (2319)-Friedel,J (2531) Dresden 2011}) 12... Qe7 {The position is equal.} 13. Nc3 Rd8 14. Rac1 Bd7 15. Bxd5 Nb4 16. Qe4 Nxd5 17. Nxd5 exd5 18. Qxe7 Bxe7 19. Na5 Rdc8 20. Bc3 b6 21. Nb3 Be6 22. Nd4 Bf6 23. Nb5 Bxc3 24. Rxc3 Rxc3 25. Nxc3 $11 {[%mdl 4096] Endgame KRB-KRN} Rd8 26. Rd4 Rd7 27. Kg2 f5 28. h4 Kf7 29. a3 Kf6 30. Kf3 h6 31. e3 g5 32. Ke2 Ke5 33. Kd2 Kd6 34. Ra4 Kc6 35. Ne2 a5 (35... Kd6 $14) 36. Nd4+ $16 Kd6 {[#]} 37. b4 $1 {[%cal Rb4a5]} axb4 38. Rxb4 Rb7 39. Nxe6 Kxe6 {KR-KR} 40. Kd3 Kd6 41. Kd4 Rb8 ({Better is} 41... gxh4 42. gxh4 b5) 42. a4 Kc6 43. hxg5 hxg5 {[#]} 44. Ke5 $1 Re8+ $2 (44... f4 $16) 45. Kf6 $2 (45. Kxf5 $18 {and the rest is easy.} Rg8 46. Kg4) 45... g4 $2 (45... f4 $16 {is a better defense.}) 46. Rf4 $18 ({Much less strong is} 46. Kxf5 $6 Rg8 $16) 46... Rf8+ 47. Ke6 Kc5 48. Rxf5 Re8+ 49. Kd7 Re4 $2 (49... Ra8) 50. Rf4 {Rxe4 is the strong threat.} Rc4 51. Ke6 Rc2 52. Kf5 Rc4 (52... Kd6 $142 53. Kxg4 Rc4 54. Rxc4 dxc4) 53. Rxg4 Kb4 54. Rg6 Kc5 55. Rg4 Kb4 $1 56. Rg8 Kxa4 57. g4 {[%cal Bg3g4,Bg4g5,Bg5g6][%mdl 32]} b5 58. Ra8+ Kb3 59. g5 Kc3 60. g6 Rc7 61. Kf6 Rc6+ 62. Kg5 Rc7 63. Kh6 Rc6 64. Kh7 Rf6 65. f4 {White mates.} d4 66. g7 Rf7 67. Kg6 Rxg7+ 68. Kxg7 dxe3 {KR-KPP} 69. Re8 Kd2 70. f5 b4 71. f6 b3 72. f7 b2 73. Rb8 Kc1 74. f8=Q b1=Q 75. Rxb1+ Kxb1 76. Qf1+ Kc2 77. Qe2+ {Precision: White = 76%, Black = 34%.} 1-0

[Event "10th Mumbai Mayors Cup 2017"]
[Site "Mumbai"]
[Date "2017.06.05"]
[Round "3"]
[White "Hossain, Enamul"]
[Black "Harshavardhan G B"]
[Result "1-0"]
[WhiteElo "2464"]
[BlackElo "1978"]
[Annotator "TA"]
[PlyCount "155"]
[EventDate "2017.06.04"]
[EventType "swiss"]
[EventCountry "IND"]
[SourceTitle "playchess.com"]
[Source "ChessBase"]
[SourceQuality "1"]

{[%evp 21,154,0,0,0,0,-10,0,0,9,8,8,8,3,-33,-26,-45,-16,-75,-71,-93,-62,-66,-77,-103,-99,-97,-87,-96,-74,-135,-123,-135,-129,-129,-132,-131,-109,-119,-69,-91,-15,-30,-1,0,0,0,0,-67,-61,-40,-33,-31,0,-69,-61,-62,-76,-82,0,0,0,0,0,-9,-9,-9,-9,-12,-9,-9,25,-21,0,0,74,65,181,60,214,207,268,278,325,285,379,377,500,492,489,431,478,475,1275,1263,1234,1187,1716,1626,29982,29983,29984,29985,29985,29986,29986,29987,29987,29988,29988,29989,29989,29990,29989,29989,29989,29990,29991,29992,29992,29992,29992,29993,29993,29994,29994,29994,29994,29995,29995,29996,29997,29998,29998,29999,29999]} 1. Nf3 Nf6 2. c4 e6 3. g3 Be7 4. Bg2 O-O 5. O-O d5 6. b3 c5 7. e3 Nc6 8. Bb2 b6 9. Nc3 Ba6 10. d3 Rc8 11. Qe2 {A14: English Opening: 1...e6 with b3 by White} Qd7 {LiveBook: 19 Games} 12. Rfd1 (12. Rad1 Rfd8 13. h3 Qe8 14. Rfe1 h6 15. a3 Bb7 16. Qc2 Rd7 17. Ne2 Nh7 18. h4 Bf6 19. cxd5 Rxd5 {½-½ (48) Eljanov,P (2739)-Harikrishna,P (2752) Baku 2016}) 12... Rfd8 13. a3 {The position is equal.} Qe8 14. Qc2 $146 ({Predecessor:} 14. Na2 b5 15. cxd5 Nxd5 16. d4 Na5 17. e4 Nc7 18. b4 cxb4 19. axb4 Nc4 20. Bc3 Bb7 21. Nc1 Nd6 22. Ne5 Na6 {½-½ (22) Vassallo Barroche,M (2409)-Molina,J (2234) Torres Novas 2005}) 14... d4 15. exd4 Nxd4 16. Nxd4 cxd4 17. Ne2 e5 18. Qd2 Qd7 19. Re1 (19. f4 $11) 19... Bb7 $17 20. h3 h6 21. Bxb7 Qxb7 22. Kh2 Bd6 23. a4 Qf3 24. Ng1 Qf5 25. Qe2 (25. Kg2 $142) 25... Bb4 26. Rf1 Nd7 27. Rad1 Re8 28. Qc2 Bd6 29. Bc1 h5 30. f4 {[#]} h4 $1 {[%mdl 512]} 31. g4 $1 $11 {[%cal Rg4f5]} (31. gxh4 exf4) 31... Qf6 {[%cal Re5f4]} 32. fxe5 $1 Qxe5+ 33. Kh1 $1 Nc5 $36 {[%mdl 2048] Black fights for an advantage.} 34. Rf5 (34. b4 $1 $11 Na6 35. b5) 34... Qe7 $15 35. Nf3 Ne6 36. Ng5 f6 37. Nxe6 (37. Ne4 $1 $11) 37... Qxe6 38. Rdf1 Bg3 39. Qg2 {[#]} Qe2 ({Better is} 39... Rc5 $1 $17) 40. g5 $1 $11 {[%cal Rg5f6]} Qxg2+ 41. Kxg2 fxg5 42. Bxg5 Re2+ 43. Kf3 $1 {[%cal Rf3e2]} Rb2 44. Kg4 Rxb3 45. R1f3 Re8 46. a5 bxa5 (46... Be1 $5 {[%cal Rb3b2]} 47. Bxh4 Bxh4 48. Kxh4 Re3 $11) 47. Rxa5 Rb6 (47... Rb2 $11 {keeps the balance.} 48. Rxa7 (48. Bxh4 Bc7 $11) 48... Rg2) 48. Rxa7 $16 Re5 ({Black should play} 48... Re2 $14) 49. Rf5 (49. Rff7 $18 Rg6 50. Rf5) 49... Rxf5 $2 (49... Re2 $14) 50. Kxf5 $14 {[%mdl 4096] Endgame KRB-KRB} Kh7 {[#]} 51. Rd7 $1 Bf2 52. c5 Rc6 53. Be7 Rg6 54. Bd6 Bg3 55. Ke4 Re6+ 56. Kxd4 Kg8 (56... Bf2+ $142 57. Kd5 Re3) 57. Kd5 $18 Re3 58. d4 g5 59. c6 Rc3 60. c7 {White mates.} Bxd6 61. Kxd6 {KR-KR} ({Not} 61. Rxd6 Rxc7 62. Ke5 g4 $11) 61... g4 62. hxg4 h3 63. Rd8+ Kg7 64. c8=Q Rxc8 65. Rxc8 {KR-KP} h2 66. Rc1 Kg6 67. Rh1 Kg5 68. Rxh2 Kxg4 {KR-K} 69. Rf2 Kg3 70. Rf5 Kg4 71. Ke5 Kg3 72. Rf4 Kh3 73. Ke4 Kg3 74. Ke3 Kg2 75. Rg4+ Kh2 76. Kf2 {[%cal Rg4h4]} Kh3 77. Rf4 Kh2 78. Rh4# {Precision: White = 67%, Black = 38%.} 1-0

[Event "10th Mumbai Mayors Cup 2017"]
[Site "Mumbai"]
[Date "2017.06.05"]
[Round "3"]
[White "Neelotpal, Das"]
[Black "Singh, Neha"]
[Result "1-0"]
[WhiteElo "2438"]
[BlackElo "1922"]
[Annotator "TA"]
[PlyCount "123"]
[EventDate "2017.06.04"]
[EventType "swiss"]
[EventCountry "IND"]
[SourceTitle "playchess.com"]
[Source "ChessBase"]
[SourceQuality "1"]

{[%evp 20,123,33,35,39,20,27,25,47,22,67,27,89,52,85,42,80,72,81,70,109,86,99,89,101,98,105,100,103,27,57,45,39,38,91,87,87,87,85,50,51,43,112,106,106,0,103,102,106,77,74,81,83,73,146,157,168,165,165,165,165,165,165,158,275,165,240,237,206,215,207,165,210,214,377,377,611,593,510,336,308,298,847,1101,1113,1071,937,861,815,718,29991,29991,29991,29991,29992,29993,29993,29991,29994,29990,29992,1224,997,0,29992,29991]} 1. Nf3 Nf6 2. g3 g6 3. Bg2 Bg7 4. d4 O-O 5. O-O d6 6. b3 c5 7. Bb2 cxd4 8. Nxd4 Qb6 9. c4 Nc6 10. e3 {E60: King's Indian: Unusual lines and Fianchetto Variation without Nc3} Bd7 (10... Bg4 11. Qd2 Rfc8 12. Nc3 Qa5 13. h3 Bd7 14. Rfd1 Rab8 15. Qe2 a6 16. a3 Qd8 17. Rac1 Nxd4 18. exd4 {½-½ (39) Khairullin,I (2652)-Pavlovic,M (2481) Berlin 2015}) 11. Nc3 {LiveBook: 13 Games} a6 12. Qd2 {White is slightly better.} Rfe8 13. Rad1 $146 ({Predecessor:} 13. Rac1 Qa5 14. Rfd1 Qh5 15. Qe2 Bg4 {1-0 (52) Sandmann,B (2154)-Novak,P (2185) Germany 1998}) 13... Rac8 14. Nce2 a5 15. Nc3 Nb4 (15... Nxd4 $11 {remains equal.} 16. exd4 (16. Qxd4 Qxd4 17. exd4 a4 $14) 16... Qb4) 16. Qe2 Na6 17. Ba1 Bc6 18. Nxc6 bxc6 19. Na4 Qa7 20. Qd2 Nc5 21. Nxc5 Qxc5 22. Bc3 a4 23. Bd4 Qa3 {[#]} 24. Qc2 (24. b4 $1 $16) 24... axb3 25. axb3 Qb4 26. Ra1 e5 (26... Nd7 $14) 27. Bc3 $16 Qb6 28. b4 d5 29. c5 Qb7 30. Ra4 Ra8 (30... Qe7 $14) 31. Rfa1 Nd7 32. Qd1 (32. Bh3 $16 {And now Rxa8 would win.} Nf8 33. Ra5) 32... e4 {[#]} (32... Rxa4 $1 $11 33. Rxa4 e4 34. Bxg7 Kxg7) 33. Rxa8 $1 Rxa8 34. Bxg7 Kxg7 35. Rxa8 Qxa8 {[#]} 36. Bxe4 $1 {[%mdl 512]} Qb7 (36... Qa3 $142) (36... dxe4 37. Qxd7) 37. Qd4+ f6 38. Bd3 Nf8 39. h4 Ne6 40. Qc3 Kf7 41. Be2 Nc7 (41... Qa7 $16 42. Qb2 Qa8) 42. Qa3 Kg7 (42... Ne6 {might work better.} 43. Qa5 Ke7) 43. Qa5 $18 Ne6 44. Bg4 f5 45. Be2 Kf7 46. h5 g5 $2 (46... Ke7 47. Kg2 Qb8) 47. Bd3 Kf6 $2 (47... f4 48. Bxh7 fxe3) 48. Qa1+ d4 49. Qb2 Qd7 50. Bc4 Ng7 $2 (50... f4 51. Qd2 fxg3 52. fxg3 h6) 51. exd4 {Black must now prevent d5+.} Nxh5 52. d5+ Kg6 53. Qe5 cxd5 54. Qxd5 Qa4 55. Qe6+ Kg7 56. Qe7+ Kh6 57. Qf8+ Ng7 58. Qf6+ Kh5 59. Be2+ g4 60. Qf7+ (60. f4 $142 Qa1+ 61. Qxa1 Kg6 62. Qa6+ Ne6 63. Qxe6+ Kg7 64. Qe7+ Kg6 65. Bc4 h5 66. Bg8 Kh6 67. Qh7#) 60... Kh6 61. Qf6+ (61. b5 $18 Qe4 62. Bc4) 61... Kh5 62. Bc4 {Precision: White = 65%, Black = 26%.} 1-0

[Event "10th Mumbai Mayors Cup 2017"]
[Site "Mumbai"]
[Date "2017.06.05"]
[Round "3"]
[White "Khusenkhojaev, Muhammad"]
[Black "Polakhare Aryan"]
[Result "1-0"]
[WhiteElo "2424"]
[BlackElo "1881"]
[Annotator "TA"]
[PlyCount "107"]
[EventDate "2017.06.04"]
[EventType "swiss"]
[EventCountry "IND"]
[SourceTitle "playchess.com"]
[Source "ChessBase"]
[SourceQuality "1"]

{[%evp 18,107,24,16,22,20,23,20,21,-10,82,74,117,121,93,93,89,87,80,69,102,89,130,137,202,185,256,237,314,337,360,314,306,317,315,318,306,306,452,450,527,531,514,498,563,570,586,560,555,550,568,550,667,560,745,745,745,745,745,745,745,618,745,745,745,741,744,733,730,712,6045,6045,5269,2006,29980,29981,29986,29987,29989,29990,29990,29991,29991,29992,29992,29984,29981,29982,29987,29982,29986,29983]} 1. Nf3 Nf6 2. c4 e6 3. Nc3 b6 4. g3 d5 5. cxd5 exd5 6. d4 Be7 7. Bg2 O-O 8. O-O Bb7 9. Bf4 Nbd7 10. Rc1 Nh5 {E18: Queen's Indian: Old Main Line (4 g3 Bb7 5 Bg2 Be7 6 0-0 0-0 7 Nc3)} (10... c5 11. e3 Ne4 12. h4 Nxc3 13. bxc3 c4 14. a4 Bc6 15. Nd2 Qc8 16. e4 dxe4 17. Nxc4 Qa6 18. Ne3 Qxa4 19. Qxa4 Bxa4 20. Bxe4 Rad8 21. Ra1 b5 22. Bc7 Rc8 23. Nd5 {1-0 (23) Kovalyov,A (2602)-Duran Vega,S (2287) San Salvador 2016}) 11. Be3 c6 12. a3 $146 ({Predecessor:} 12. Ne5 Nxe5 13. dxe5 g6 14. Qa4 Ng7 15. Rfd1 Qb8 16. f4 Nf5 17. Bf2 f6 {1-0 (58) Javakhishvili,L (2461)-Rudolf,A (2312) Archamps 2013}) 12... f5 {The position is equal.} 13. b4 f4 (13... b5 $1 $11 {remains equal.}) 14. Bd2 $16 Bd6 15. e4 {Strongly threatening e5.} fxe3 16. Bxe3 Nhf6 17. Qb3 b5 18. a4 bxa4 19. Nxa4 Ba6 {[#]} 20. Rfe1 $1 Rb8 (20... Qc8 $16) 21. Nc5 $18 ({Don't do} 21. Rxc6 $6 Bxb4 22. Rxa6 Bxe1 $16) 21... Bxc5 (21... Nxc5 $142 22. dxc5 Bc7) 22. dxc5 Re8 23. Nd4 Bb5 24. Bf4 Rb7 25. Rxe8+ Qxe8 26. Nxb5 Rxb5 27. Bf1 {[%cal Bg2f1,Bf1a6,Ba6d3][%mdl 32]} Rb7 (27... a6 $142 28. Bxb5 axb5) 28. Ba6 Nxc5 29. Rxc5 Qe1+ 30. Kg2 Rb6 31. Bd3 Rxb4 32. Qc3 Qxc3 33. Rxc3 a5 34. Rxc6 a4 35. Ra6 Rb2 36. Bf5 {[#] Threatening mate with Be6+.} Ne4 37. Bxe4 dxe4 38. Rxa4 {[%mdl 4096] Endgame KRB-KR} Re2 39. Kf1 Rb2 40. Rxe4 Rb7 41. Rc4 h6 42. h4 Kh7 43. Rc7 Rb6 44. Be5 Rg6 45. Kg2 {White threatens h5 and mate.} h5 46. f4 {[%cal Bf2f4,Bf4f5][%mdl 32] White mates.} Kh6 47. f5 Rg4 48. Bf4+ Kh7 49. Kf3 Kg8 50. Ke4 Kh8 51. f6 gxf6 52. Kf5 Rg7 53. Rxg7 Kxg7 54. Bc1 {Precision: White = 81%, Black = 31%.} 1-0

[Event "10th Mumbai Mayors Cup 2017"]
[Site "Mumbai"]
[Date "2017.06.05"]
[Round "3"]
[White "Laxman, R R"]
[Black "Panta, Sumit"]
[Result "*"]
[WhiteElo "2421"]
[BlackElo "1957"]
[Annotator "TA"]
[PlyCount "40"]
[EventDate "2017.06.04"]
[EventType "swiss"]
[EventCountry "IND"]
[SourceTitle "playchess.com"]
[Source "ChessBase"]
[SourceQuality "1"]

{[%evp 18,40,2,0,1,1,9,0,34,29,29,34,44,47,123,117,118,107,93,76,166,139,147,135,193]} 1. d4 Nf6 2. Nf3 e6 3. e3 b6 4. Bd3 Bb7 5. O-O Be7 6. b3 O-O 7. Bb2 d5 8. Ne5 Nbd7 {[%cal Bb8d7,Bd7f6,Bf6e4][%mdl 32]} 9. f4 {A47: 1 d4 Nf6 2 Nf3 b6: Torre, London and Colle Systems} (9. Nd2 c5 10. Qe2 Qc7 11. f4 Ne4 12. Nxd7 Qxd7 13. Nxe4 dxe4 14. Bc4 Bf6 15. Rad1 Qc8 16. g4 a6 17. a4 cxd4 18. Bxd4 Bxd4 19. Rxd4 {½-½ (54) Koneru,H (2614)-Kosintseva,T (2557) Rostov on Don 2011}) 9... Ne4 10. Nd2 {LiveBook: 5 Games} Nxd2 (10... f6 $5 {[%cal Rf6e5]} 11. Nxd7 Qxd7 $11) 11. Qxd2 {The position is equal.} f5 12. Qe2 Nf6 13. g4 $146 ({Predecessor:} 13. Rf3) 13... Ne4 14. gxf5 exf5 15. Kh1 c5 (15... Bf6 $14) 16. Bxe4 $16 fxe4 17. Rg1 {[#] Black must now prevent dxc5.} Bf6 18. Ng4 g6 (18... Kh8 $16 {was called for.}) 19. Nxf6+ Qxf6 20. c4 Qe6 {Precision: White = 78%, Black = 30%.} (20... dxc4 $16 21. dxc5 (21. Qxc4+ Rf7 $16) (21. bxc4 cxd4 22. Raf1 Qf5 $16) 21... c3 22. Qc4+ Rf7 23. Bxc3 b5) *